[Event "OP-2012-0-02547"]
[Site "LSS email"]
[Date "2012.12.18"]
[Round "?"]
[White "Ederer, Karel"]
[Black "Wroblewski, Michal"]
[Result "1-0"]
[WhiteElo "2044"]
[BlackElo "1400"]
[PlyCount "47"]
[EventDate "2012.12.15"]
[EventType "tourn (corr)"]
[EventRounds "4"]
[EventCountry "GER"]
[SourceTitle "Telechess CBM 159"]
[Source "ChessBase"]
[SourceDate "2014.03.17"]
[SourceVersion "1"]
[SourceVersionDate "2014.03.17"]
[SourceQuality "1"]

1. d4 d5 2. c4 e6 3. Nc3 c5 4. cxd5 Nf6 5. e4 exd5 6. e5 Ne4 7. Nxe4 dxe4 8. d5 Qb6 9. Qa4+ Bd7 10. Qxe4 c4 11. Nf3 Bb4+ 12. Bd2 Bxd2+ 13. Nxd2 Qxb2 14. Rb1 Qxa2 15. Bxc4 Qa5 16. Rxb7 0-0 17. 0-0 Qxd2 18. e6 fxe6 19. dxe6 Bxe6 20. Qxe6+ Kh8 21. Rxg7 Kxg7 22. Qe7+ Kg6 23. Qxf8 Qh6 24. Bd3+ 1-0